Statistics for African Cities - Multiple Choice #1

Click here to take the quiz!

General Stats

  • This quiz has been taken 46 times
  • The average score is 14 of 15

Answer Stats

QuestionAnswer% Correct
Choose African city.Cairo
98%
Choose African city.Abidjan
95%
Choose African city.Bloemfontein
95%
Choose African city.Brazzaville
95%
Choose African city.Dodoma
95%
Choose African city.Marakesh
95%
Choose African city.Mombasa
95%
Choose African city.Dakar
93%
Choose African city.Monrovia
90%
Choose African city.Benghazi
88%
Choose African city.Oran
88%
Choose African city.Port Elizabeth
88%
Choose African city.Porto Novo
88%
Choose African city.Melilla
79%
Choose African city.Kano
71%

Score Distribution

Percentile by Number Answered

Percent of People with Each Score

Your Score History

You have not taken this quiz